000 01317cam a2200337 a 4500
001 742245
003 ARRUPE
005 20131203190819.0
008 990614s2000 nyuab 001 0 eng
010 _a 99036148
020 _a0609601423
035 _a(DLC) 99036148
040 _aDLC
_cDLC
_dDLC
050 0 0 _aQH45.5
_b.G74 2000
082 0 0 _a508
_221
100 1 _aGould, Stephen Jay.
_95048
245 1 4 _aThe lying stones of Marrakech :
_bpenultimate reflections in natural history /
_cStephen Jay Gould.
250 _a1st ed.
260 _aNew York :
_bHarmony Books,
_cc2000.
300 _a372 p. :
_bill. ;
_c25 cm.
500 _aIncludes index.
650 0 _aNatural history
_vPopular works.
_95049
650 0 _aEvolution (Biology)
_vPopular works.
_95050
856 4 2 _3Contributor biographical information
_uhttp://www.loc.gov/catdir/bios/random059/99036148.html
856 4 1 _3Sample text
_uhttp://www.loc.gov/catdir/samples/random042/99036148.html
856 4 2 _3Publisher description
_uhttp://www.loc.gov/catdir/description/random045/99036148.html
906 _a7
_bcbc
_corignew
_d1
_eocip
_f19
_gy-gencatlg
942 _2lcc
_cMONOGRAPH
999 _c119052
_d119052